000 00516nam a22001577a 4500
020 _qHard Cover.
082 _a620.0011
100 _aNeelam Shoaib.
245 _aVirtual Reality Based Procedural Memorization of General Aviation Light Aircraft. /
_cShoaib, Neelam
260 _aIslamabad:
_bRCMS-NUST,
_c2021.
300 _a90 p. :
_bill. ;
_c30cm.
650 _aMS-System Engineering .
_981372
700 _aDr. Shahzad Rasool
_981449
942 _2ddc
_cTHE
999 _c586460
_d586460